书目信息 |
| 题名: |
战商
|
|
| 作者: | 黄腾 著 | |
| 分册: | ||
| 出版信息: | 北京 人民邮电出版社 2016 |
|
| 页数: | 281,15页 | |
| 开本: | 23cm | |
| 丛书名: | 盛世新管理书架 | |
| 单 册: | ||
| 中图分类: | F713.365.2 | |
| 科图分类: | ||
| 主题词: | 网络营销 | |
| 电子资源: | ||
| ISBN: | 978-7-115-42039-8 | |
| 000 | 00831oam2 2200253 450 | |
| 001 | 012001000469 | |
| 005 | 20140920091301.0 | |
| 010 | @a978-7-115-42039-8@dCNY49.80 | |
| 100 | @a20160826d2016 em y0chiy50 ea | |
| 101 | 0 | @achi |
| 102 | @aCN@b110000 | |
| 105 | @aa z 000yy | |
| 106 | @ar | |
| 200 | 1 | @a战商@9Zhan Shang@e微商3.0时代如何做最赚钱@f黄腾著 |
| 210 | @a北京@c人民邮电出版社@d2016 | |
| 215 | @a281,15页@c图,照片@d23cm | |
| 225 | 1 | @a盛世新管理书架 |
| 330 | @a本书阐述了传统微商转型的3个核心内容,分别从价值系统、品牌塑造、运营创新、移动互联、跨境电商、微商实战6个方面总结出了传统微商转型的具体落地策略。 | |
| 461 | 0 | @12001 @a盛世新管理书架 |
| 606 | 0 | @a网络营销 |
| 690 | @aF713.365.2@v5 | |
| 701 | 0 | @a黄腾@9Huang Teng@4著 |
| 801 | 0 | @aCN@b上海新华@c20180901 |
| 905 | @b1150607-11@dF713.365.2@e1017@f5 | |
| 战商:微商3.0时代如何做最赚钱/黄腾著.-北京:人民邮电出版社,2016 |
| 281,15页:图,照片;23cm.-(盛世新管理书架) |
| ISBN 978-7-115-42039-8:CNY49.80 |
| 本书阐述了传统微商转型的3个核心内容,分别从价值系统、品牌塑造、运营创新、移动互联、跨境电商、微商实战6个方面总结出了传统微商转型的具体落地策略。 |
| ● |
| 相关链接 |
|
|
|
|
正题名:战商
索取号:F713.365.2/1017
 
预约/预借
| 序号 | 登录号 | 条形码 | 馆藏地/架位号 | 状态 | 备注 |
| 1 | 1150607 | 211506075 | 第一样本阅览室/ [索取号:F713.365.2/1017] | 在馆 | |
| 2 | 1150608 | 211506084 | 第一借阅区/ [索取号:F713.365.2/1017] | 在馆 | |
| 3 | 1150609 | 211506093 | 第一借阅区/ [索取号:F713.365.2/1017] | 在馆 | |
| 4 | 1150610 | 211506100 | 第一借阅区/ [索取号:F713.365.2/1017] | 在馆 | |
| 5 | 1150611 | 211506119 | 密集书库-海洋学院/ [索取号:F713.365.2/1017] | 在馆 |